Regulation of Measurement in an Insurance Company

Regulácia oceňovania majetku, záväzkov a vlastného imania poisťovní pre účely dohľadu a ich vykázania v účtovnej závierke (IFRS 17). Právne normy upravujúce oceňovanie, smernica Európskej únie Solventnosť II (Solvency II). Regulatórne a účtovné hľadisko oceňovania. Identifikácia a komparácia spoločn...

Descripción completa

Guardado en:
Detalles Bibliográficos
Autor principal: Srnišová, Petra, 1981-
Formato: Capítulo de libro
Lenguaje:eslovaco
Materias:
Etiquetas: Agregar Etiqueta
Sin Etiquetas, Sea el primero en etiquetar este registro!

MARC

LEADER 00000naa$a2200000$$$4500
001 0268782
005 20240502083806.3
041 0 |a slo 
044 |a CZ 
245 1 0 |a Regulation of Measurement in an Insurance Company  |c Petra Srnišová 
520 |a Regulácia oceňovania majetku, záväzkov a vlastného imania poisťovní pre účely dohľadu a ich vykázania v účtovnej závierke (IFRS 17). Právne normy upravujúce oceňovanie, smernica Európskej únie Solventnosť II (Solvency II). Regulatórne a účtovné hľadisko oceňovania. Identifikácia a komparácia spoločných a rozdielnych znakov predmetných objektov skúmania v nadväznosti na právnu normu a účel, ktorý daná legislatívna norma sleduje. 
610 2 0 |a oceňovanie 
610 2 0 |a majetok 
610 2 0 |a záväzky 
610 2 0 |a imanie vlastné 
610 2 0 |a poisťovne komerčné 
610 2 0 |a normy právne 
610 2 0 |a smernice 
610 2 0 |a štandardy účtovné medzinárodné 
610 2 0 |a IFRS 
610 2 0 |a Slovensko 
610 2 0 |a Európska únia 
100 1 |a Srnišová, Petra, 1981-